[Event "USCL Chicago vs San Francisco"]
[Site "Internet Chess Club"]
[Date "2010.09.08"]
[Round "3"]
[White "Naroditsky, Daniel"]
[Black "Felecan, Florin"]
[Result "1/2-1/2"]
[WhiteElo "2453"]
[BlackElo "2415"]
[PlyCount "78"]
[EventDate "2010.??.??"]

1. e4 d6 2. d4 Nf6 3. Nc3 g6 4. Bg5 Bg7 5. f4 O-O 6. Nf3 c6 7. Bd3 Bg4 8. h3
Bxf3 9. Qxf3 Nfd7 10. e5 f6 11. exf6 exf6 12. Bh4 Re8+ 13. Ne2 Na6 14. O-O Nb4
15. Bc4+ d5 16. Bb3 Nb6 17. c3 Na6 18. f5 g5 19. Bf2 Nc4 20. Bxc4 dxc4 21. Ng3
Qd5 22. Qxd5+ cxd5 23. Rfe1 Kf7 24. Nf1 Bf8 25. Ne3 Rad8 26. b3 Nc7 27. bxc4
dxc4 28. Nxc4 Nd5 29. Na5 b6 30. Nc6 Rc8 31. c4 Rxc6 32. cxd5 Rd6 33. Rxe8 Kxe8
34. Rc1 Rxd5 35. Rc8+ Rd8 36. Rc7 Rd7 37. Rc8+ Rd8 38. Rc7 Rd7 39. Rc8+ Rd8
1/2-1/2

[Event "USCL Dallas vs St. Louis"]
[Site "Internet Chess Club"]
[Date "2010.09.08"]
[Round "3"]
[White "Rich, Tony"]
[Black "Lopez, Nelson"]
[Result "0-1"]
[WhiteElo "1934"]
[BlackElo "2229"]
[PlyCount "144"]
[EventDate "2010.??.??"]

1. e4 d5 2. exd5 Qxd5 3. Nc3 Qd6 4. d4 Nf6 5. Nf3 a6 6. Bc4 e6 7. O-O Be7 8.
Qe2 O-O 9. Bg5 b5 10. Ne4 Qd8 11. Bd3 Bb7 12. Rad1 Nd5 13. Nc5 Bc6 14. Qe4 g6
15. Qh4 Nd7 16. Nxd7 Bxd7 17. Bxe7 Qxe7 18. Qxe7 Nxe7 19. Ne5 Rad8 20. Be4 f6
21. Nd3 Bc6 22. Rfe1 Rxd4 23. Bxc6 Nxc6 24. Rxe6 Nb4 25. Rc1 Kf7 26. Re3 Rfd8
27. Nxb4 Rxb4 28. b3 Rbd4 29. Rce1 R8d7 30. Kf1 g5 31. Re6 Rd2 32. Rc6 R2d6 33.
Rxd6 Rxd6 34. Re3 b4 35. Ke2 h5 36. Re4 Rc6 37. Kd2 a5 38. Re3 Rc5 39. c4 a4
40. Kd3 a3 41. Kd4 Rf5 42. Re2 c5+ 43. Ke3 g4 44. f4 gxf3 45. gxf3 Rg5 46. Kf2
h4 47. Re4 Rh5 48. Kg2 Rh8 49. Kf2 Rd8 50. Ke2 Rh8 51. Kf2 Rd8 52. Ke2 h3 53.
Rh4 Rg8 54. Rg4 Rh8 55. Re4 f5 56. Re5 Rg8 57. Kf1 Kf6 58. Re2 Kg5 59. Rf2 Kf4
60. Ke2 Re8+ 61. Kd2 Re3 62. Kd1 Rxf3 63. Ke2 Rxf2+ 64. Kxf2 Ke4 65. Kg3 Ke3
66. Kxh3 f4 67. Kg2 Ke2 68. h3 f3+ 69. Kg3 f2 70. Kh2 f1=Q 71. h4 Kf2 72. h5
Qg2# 0-1

[Event "USCL Chicago vs San Francisco"]
[Site "Internet Chess Club"]
[Date "2010.09.08"]
[Round "3"]
[White "Lee, Andy"]
[Black "Shankar, Gauri"]
[Result "1/2-1/2"]
[WhiteElo "2347"]
[BlackElo "2304"]
[PlyCount "130"]
[EventDate "2010.??.??"]

1. e4 c5 2. Nf3 g6 3. d4 cxd4 4. Qxd4 Nf6 5. e5 Nc6 6. Qa4 Nd5 7. Qe4 Nc7 8.
Bc4 Bg7 9. Nc3 b5 10. Bb3 Bb7 11. Ng5 Ne6 12. h4 Rb8 13. Bd5 b4 14. Ne2 Nxg5
15. Bxg5 h6 16. Bf6 Bxf6 17. exf6 e6 18. Bxc6 Bxc6 19. Qf4 d6 20. O-O-O e5 21.
Qe3 Qxf6 22. f3 Kf8 23. Qxa7 Kg7 24. Kb1 d5 25. Qf2 Ra8 26. Nc1 Rhc8 27. Rhe1
Ba4 28. b3 Bc6 29. Nd3 Bd7 30. Rxe5 Bf5 31. Qd4 Re8 32. Rxd5 Bxd3 33. Rxd3 Re2
34. Qxf6+ Kxf6 35. Rd2 Re1+ 36. Kb2 Re7 37. R5d4 Rea7 38. Rxb4 Rxa2+ 39. Kc3
Re8 40. Re4 Rb8 41. Rd6+ Kg7 42. Rc4 Re8 43. Rd2 Re3+ 44. Kb4 Rb2 45. Re4
Rexb3+ 46. cxb3 Rxd2 47. g4 Rd3 48. Rf4 f5 49. Kc4 Re3 50. b4 Kf6 51. gxf5 g5
52. hxg5+ hxg5 53. Rd4 Rxf3 54. b5 Rf1 55. Rd5 g4 56. b6 Rb1 57. Rb5 Rxb5 58.
Kxb5 g3 59. b7 g2 60. b8=Q g1=Q 61. Qf8+ Ke5 62. Kc6 Qh1+ 63. Kd7 Qh7+ 64. Qe7+
Qxe7+ 65. Kxe7 Kxf5 1/2-1/2

[Event "USCL Chicago vs San Francisco"]
[Site "Internet Chess Club"]
[Date "2010.09.08"]
[Round "3"]
[White "Young, Angelo"]
[Black "Zierk, Steven"]
[Result "1/2-1/2"]
[WhiteElo "2415"]
[BlackElo "2426"]
[PlyCount "194"]
[EventDate "2010.??.??"]

1. d4 Nf6 2. Nf3 g6 3. Bf4 Bg7 4. e3 d5 5. Bd3 c6 6. Nbd2 Bf5 7. Bxf5 gxf5 8.
c3 Nbd7 9. h3 e6 10. Qc2 Ne4 11. g4 Qf6 12. gxf5 Qxf5 13. Nxe4 Qxe4 14. Qxe4
dxe4 15. Ng5 e5 16. dxe5 Nc5 17. Rg1 Bf8 18. f3 h6 19. Nxe4 Nxe4 20. fxe4 Ke7
21. Rd1 Ke6 22. Ke2 Be7 23. Rg3 Rad8 24. Rgg1 Rdg8 25. Rg4 h5 26. Rgg1 Rg6 27.
Rxg6+ fxg6 28. Rg1 Rg8 29. Bg5 Bxg5 30. Rxg5 Rg7 31. h4 Rg8 32. a4 b6 33. Kd3
Kf7 34. b4 Ke6 35. Kc4 Rg7 36. a5 Rg8 37. Kb3 Rg7 38. c4 Rg8 39. Ka4 Kf7 40.
Kb3 Ke6 41. Kc3 Rg7 42. Kc2 Rg8 43. Kb3 Rg7 44. Ka4 Rg8 45. axb6 axb6 46. c5
bxc5 47. bxc5 Ra8+ 48. Kb4 Rb8+ 49. Kc3 Rg8 50. Kc4 Rg7 51. Kc3 Rg8 52. Kd3
Rd8+ 53. Kc3 Rg8 54. Kb3 Rb8+ 55. Kc2 Rg8 56. Kc3 Rg7 57. Kb4 Rb7+ 58. Ka4 Ra7+
59. Kb4 Rb7+ 60. Kc3 Rg7 61. Kc4 Rg8 62. Kb4 Rb8+ 63. Kc4 Rg8 64. Kc3 Rg7 65.
Kb4 Rb7+ 66. Kc4 Rg7 67. Kd3 Rd7+ 68. Ke2 Rg7 69. Kf2 Rf7+ 70. Kg2 Rg7 71. Kf3
Rf7+ 72. Ke2 Rg7 73. Rg1 Kxe5 74. Rd1 Rf7 75. Rd8 Rf6 76. Kd3 Re6 77. Rf8 Rf6
78. Re8+ Re6 79. Rf8 Re7 80. Rc8 Re6 81. Rd8 Rf6 82. Re8+ Re6 83. Rf8 Re7 84.
Rc8 Re6 85. Rc7 Kf6 86. Kd4 g5 87. e5+ Kf5 88. hxg5 Kxg5 89. Ke4 Rg6 90. Kf3
Re6 91. Rg7+ Kf5 92. Rh7 Kg5 93. Rg7+ Kh6 94. Rd7 Kg5 95. Rg7+ Kf5 96. Rh7 Kg6
97. Rd7 Kg5 1/2-1/2

[Event "USCL St. Louis vs Miami"]
[Site "Internet Chess Club"]
[Date "2010.09.13"]
[Round "4"]
[White "Santalla, Andres"]
[Black "Finegold, Spencer"]
[Result "1/2-1/2"]
[WhiteElo "2163"]
[BlackElo "1991"]
[PlyCount "40"]
[EventDate "2010.??.??"]

1. e4 c5 2. c3 d5 3. exd5 Qxd5 4. d4 Nc6 5. Nf3 Bg4 6. Be2 e6 7. O-O Nf6 8. Be3
cxd4 9. Nxd4 Bxe2 10. Qxe2 Nxd4 11. Bxd4 Be7 12. Rd1 Qc6 13. Nd2 O-O 14. Nf3
Rfd8 15. Ne5 Qe4 16. Qxe4 Nxe4 17. f3 Nc5 18. b4 Na4 19. Kf1 f6 20. Nd3 e5
1/2-1/2

[Event "USCL Manhattan vs New York"]
[Site "Internet Chess Club"]
[Date "2010.09.13"]
[Round "4"]
[White "Braylovsky, Gregory"]
[Black "Fedorowicz, John"]
[Result "0-1"]
[WhiteElo "2434"]
[BlackElo "2508"]
[PlyCount "84"]
[EventDate "2010.??.??"]

1. Nf3 Nf6 2. d4 e6 3. c4 b6 4. g3 Ba6 5. Nbd2 Bb4 6. Qc2 Bb7 7. Bg2 Be4 8. Qb3
Bxd2+ 9. Bxd2 O-O 10. O-O d6 11. Rfd1 Nbd7 12. h3 Qe7 13. g4 Rfc8 14. Rac1 a5
15. Bg5 Qe8 16. Qe3 h6 17. Bf4 Bb7 18. g5 hxg5 19. Bxg5 Rab8 20. h4 Ne4 21. Bh3
Nf8 22. d5 exd5 23. Bxc8 Qxc8 24. cxd5 Nc5 25. Kh2 Qd7 26. Qe7 Qc8 27. h5 Qf5
28. Rxc5 bxc5 29. Qxc7 Re8 30. Qxb7 Rxe2 31. Kg3 Re4 32. Qb3 Qg4+ 33. Kh2 Qxh5+
34. Kg2 c4 35. Qc3 Rg4+ 36. Kf1 Rxg5 37. Rd4 Rxd5 38. Rh4 Qf5 39. Rxc4 Rd3 40.
Rf4 Qh3+ 41. Ke2 Rxc3 42. bxc3 Qe6+ 0-1

[Event "USCL Manhattan vs New York"]
[Site "Internet Chess Club"]
[Date "2010.09.13"]
[Round "4"]
[White "Katz, Alexander"]
[Black "Black, James"]
[Result "1-0"]
[WhiteElo "2175"]
[BlackElo "2102"]
[PlyCount "89"]
[EventDate "2010.??.??"]

1. e4 c5 2. Nf3 e6 3. d4 cxd4 4. c3 Nf6 5. e5 Nd5 6. cxd4 d6 7. Bc4 Nc6 8. O-O
Nb6 9. Bb3 dxe5 10. dxe5 Qxd1 11. Rxd1 Be7 12. Be3 Nd7 13. Ba4 O-O 14. Bxc6
bxc6 15. Nbd2 Ba6 16. Nb3 Rfd8 17. Rdc1 Rdc8 18. Nc5 Bxc5 19. Bxc5 Bd3 20. Bd6
Be4 21. b4 a6 22. Nd2 Bd5 23. Nc4 f6 24. f4 Kf7 25. Rc3 Bxc4 26. Rxc4 Nb6 27.
Rc2 Ke8 28. Rd1 Nd5 29. Rf2 Kd7 30. Bc5 a5 31. a3 axb4 32. axb4 Rcb8 33. Rf3
Ke8 34. f5 exf5 35. exf6 g6 36. Rh3 h5 37. Rb3 Nxf6 38. Re3+ Ne4 39. h3 Rd8 40.
Rf1 Rd2 41. Rxe4+ Kf7 42. Re7+ Kf6 43. Rc7 Raa2 44. Rxc6+ Kg7 45. Rc7+ 1-0

[Event "USCL Philadelphia vs Baltimore"]
[Site "Internet Chess Club"]
[Date "2010.09.13"]
[Round "4"]
[White "Selzler, Richard"]
[Black "Costigan, Richard"]
[Result "1/2-1/2"]
[WhiteElo "2252"]
[BlackElo "2288"]
[PlyCount "101"]
[EventDate "2010.??.??"]

1. d4 d5 2. c4 c6 3. Nf3 Nf6 4. e3 g6 5. Nbd2 Bg7 6. Be2 O-O 7. O-O a6 8. b3 b5
9. Bb2 Ra7 10. cxd5 cxd5 11. a4 b4 12. Rc1 Ne8 13. Ne5 Bb7 14. Ndf3 Qd6 15. Qd2
Nf6 16. Nd3 a5 17. Nc5 Ne4 18. Qd1 Rd8 19. Bb5 Bc6 20. Qe2 Rc7 21. Bxc6 Nxc6
22. Nxe4 dxe4 23. Nd2 e5 24. Nc4 Qe7 25. dxe5 Rcd7 26. Rfd1 Nxe5 27. Bxe5 Bxe5
28. Rxd7 Rxd7 29. Rd1 Bc7 30. g3 Qd8 31. Rxd7 Qxd7 32. Qd2 Qxd2 33. Nxd2 f5 34.
f3 exf3 35. Kf2 Kf7 36. Kxf3 Ke6 37. h3 h5 38. e4 Ke5 39. exf5 gxf5 40. Ke3 Kd5
41. Nf1 Bb6+ 42. Kd3 Bc7 43. Ne3+ Ke6 44. Nf1 Ke5 45. Ne3 Bd8 46. Nc4+ Kd5 47.
Ne3+ Ke6 48. Ng2 Bc7 49. Nf4+ Bxf4 50. gxf4 Kd5 51. h4 1/2-1/2

[Event "USCL St. Louis vs Miami"]
[Site "Internet Chess Club"]
[Date "2010.09.13"]
[Round "4"]
[White "Brooks, Michael"]
[Black "Rodriguez, Eric"]
[Result "1-0"]
[WhiteElo "2411"]
[BlackElo "2382"]
[PlyCount "75"]
[EventDate "2010.??.??"]

1. e4 e6 2. d4 d5 3. Nc3 Bb4 4. e5 c5 5. a3 Bxc3+ 6. bxc3 Ne7 7. a4 Qa5 8. Bd2
Nbc6 9. Qg4 Bd7 10. Nf3 Ng6 11. Bd3 c4 12. Bxg6 fxg6 13. Ng5 Ke7 14. h4 h6 15.
Nh3 Be8 16. Nf4 Bf7 17. Nxg6+ Bxg6 18. Qxg6 Rhg8 19. f4 Raf8 20. Rf1 Qd8 21. f5
exf5 22. Rxf5 Rxf5 23. Qxf5 Qd7 24. Qxd7+ Kxd7 25. Ke2 Rf8 26. Rh1 Nd8 27. Rh3
Ne6 28. Rg3 Rc8 29. Rf3 Ke8 30. Rf1 Rc6 31. Rb1 Rb6 32. Rxb6 axb6 33. h5 Kf7
34. Kf3 g6 35. Kg4 Ng7 36. Bxh6 Nxh5 37. Kh4 Ke6 38. g4 1-0

[Event "USCL Manhattan vs New York"]
[Site "Internet Chess Club"]
[Date "2010.09.13"]
[Round "4"]
[White "Stripunsky, Alex"]
[Black "Kacheishvili, Giorgi"]
[Result "1/2-1/2"]
[WhiteElo "2659"]
[BlackElo "2619"]
[PlyCount "160"]
[EventDate "2010.??.??"]

1. e4 c5 2. Nc3 Nc6 3. Bb5 Nd4 4. Bc4 e6 5. Nge2 Nf6 6. O-O a6 7. a4 d5 8. exd5
exd5 9. Ba2 Bd6 10. d3 O-O 11. Nxd4 cxd4 12. Ne2 Bg4 13. f3 Bd7 14. Nxd4 Qc7
15. Kh1 Bxa4 16. Be3 Rfe8 17. Bg1 Bd7 18. c3 Re5 19. f4 Rh5 20. Qf3 g5 21. Be3
Bg4 22. Qf2 Re8 23. Bd2 Bc8 24. Rae1 Rxe1 25. Qxe1 gxf4 26. Nf3 Bf5 27. Bb1 Kg7
28. Qd1 Bg6 29. Qa4 Ng4 30. h3 Nh6 31. Qd4+ f6 32. Qf2 Nf5 33. Kg1 Bc5 34. d4
Bd6 35. Bxf5 Bxf5 36. Ne1 Rg5 37. Qh4 Qb6 38. Bxf4 Bxf4 39. Qxf4 Be4 40. Rf2
Qe6 41. Nf3 Rf5 42. Qc7+ Qf7 43. Qxf7+ Kxf7 44. Nd2 Rg5 45. Nxe4 dxe4 46. Rf4
f5 47. Kf2 Ke6 48. g4 fxg4 49. hxg4 h5 50. Rxe4+ Kd5 51. Kf3 Kc4 52. gxh5 Rxh5
53. Re7 b5 54. Rc7+ Kd3 55. b4 Rf5+ 56. Kg4 Rf1 57. Rc6 Rf8 58. Kg5 Ke4 59. Rc5
Rf1 60. Kg6 Rf2 61. Re5+ Kd3 62. Rc5 Ke4 63. Rc6 Kd5 64. Rf6 Rc2 65. Rf3 Kc4
66. Kf7 Re2 67. Kf6 Re1 68. Kf5 Re8 69. Rh3 Re1 70. Kf4 Re8 71. Re3 Rf8+ 72.
Kg3 Ra8 73. Rf3 a5 74. bxa5 Rxa5 75. Kf4 Ra3 76. d5 b4 77. cxb4 Rxf3+ 78. Kxf3
Kxd5 79. b5 Kc5 80. b6 Kxb6 1/2-1/2

[Event "USCL Philadelphia vs Baltimore"]
[Site "Internet Chess Club"]
[Date "2010.09.13"]
[Round "4"]
[White "Kaufman, Larry"]
[Black "Bartell, Tom"]
[Result "1/2-1/2"]
[WhiteElo "2452"]
[BlackElo "2429"]
[PlyCount "139"]
[EventDate "2010.??.??"]

1. d4 Nf6 2. c4 g6 3. Nc3 Bg7 4. e4 O-O 5. Nf3 d6 6. Be2 Na6 7. O-O e5 8. Be3
Ng4 9. Bg5 Qe8 10. Re1 h6 11. Bc1 c6 12. h3 Nf6 13. Bf1 Nh7 14. Be3 Qe7 15. Qd2
exd4 16. Bxd4 Rd8 17. Bxg7 Kxg7 18. Rad1 Be6 19. Nd4 Qg5 20. f4 Qc5 21. f5 Bd7
22. Kh1 Nf6 23. Nb3 Qe5 24. fxg6 fxg6 25. Qxd6 Re8 26. c5 Nc7 27. Na5 Re6 28.
Qxe5 Rxe5 29. b4 Rae8 30. a3 Ncd5 31. Nxd5 Nxd5 32. Nxb7 Rxe4 33. Rxe4 Rxe4 34.
b5 Rf4 35. Kg1 Kf6 36. bxc6 Bxc6 37. Na5 Ne3 38. Re1 Nc2 39. Rc1 Nd4 40. Nxc6
Nxc6 41. Bb5 Nd4 42. Ba6 Ne6 43. c6 Nc7 44. Bb7 Rf5 45. Rc4 a5 46. Bc8 Re5 47.
Bd7 Ke7 48. Rc3 Kd6 49. Rf3 Nd5 50. Rf8 Re3 51. a4 Ra3 52. Rh8 h5 53. Be8 Nf4
54. Rh7 Rc3 55. Rd7+ Ke6 56. Ra7 Rc2 57. c7 Kd6 58. Kf1 h4 59. Rxa5 Rxc7 60.
Ra6+ Ke5 61. Bxg6 Rg7 62. Ra5+ Kd4 63. Be8 Nxg2 64. Rh5 Ke3 65. Bc6 Nf4 66.
Re5+ Kd3 67. Rf5 Ke3 68. Re5+ Kd3 69. Rf5 Ke3 70. Re5+ 1/2-1/2

[Event "USCL Dallas vs Arizona"]
[Site "Internet Chess Club"]
[Date "2010.09.13"]
[Round "4"]
[White "Harper, Warren"]
[Black "Sadorra, Julio"]
[Result "0-1"]
[WhiteElo "2408"]
[BlackElo "2471"]
[PlyCount "78"]
[EventDate "2010.??.??"]

1. c4 e5 2. g3 d6 3. Bg2 f5 4. Nc3 Nf6 5. e3 Be7 6. Nge2 O-O 7. O-O c6 8. d4 e4
9. f3 exf3 10. Bxf3 Na6 11. d5 Bd7 12. Nd4 Qc8 13. b3 Nc5 14. Qc2 Re8 15. dxc6
bxc6 16. Bg2 g6 17. h3 Bd8 18. Bd2 Nce4 19. Nxe4 Nxe4 20. Bxe4 Rxe4 21. Rf4 Re8
22. Re1 Bg5 23. Nf3 Bxf4 24. gxf4 c5 25. Qc3 Bc6 26. Ng5 Qd7 27. Bc1 d5 28. Qf6
d4 29. Bb2 Re7 30. Ba3 Rf8 31. Nxh7 Rxh7 32. Qg5 Rxh3 33. Qxg6+ Qg7 34. Qxg7+
Kxg7 35. Bxc5 Rg8 36. exd4 Kf6+ 37. Kf1 Rh1+ 38. Ke2 Rg2+ 39. Kd1 Bf3+ 0-1

[Event "USCL Dallas vs Arizona"]
[Site "Internet Chess Club"]
[Date "2010.09.13"]
[Round "4"]
[White "Kiewra, Keaton"]
[Black "Adamson, Robby"]
[Result "0-1"]
[WhiteElo "2361"]
[BlackElo "2363"]
[PlyCount "86"]
[EventDate "2010.??.??"]

1. e4 c5 2. a3 g6 3. d4 cxd4 4. c3 Bg7 5. cxd4 d5 6. exd5 Nf6 7. Bc4 O-O 8. Nc3
Nbd7 9. Ba2 Nb6 10. Qf3 Bg4 11. Qg3 Bf5 12. Nf3 Ne4 13. Qh4 Nxc3 14. bxc3 Nxd5
15. Bxd5 Qxd5 16. O-O Rfe8 17. Bh6 Rac8 18. Bxg7 Kxg7 19. Rfe1 Qd6 20. Re3 Rc7
21. g4 Bc8 22. g5 b6 23. Qh6+ Kg8 24. Re4 f6 25. Rh4 e5 26. gxf6 Qxf6 27. Nxe5
Rf8 28. f4 Bb7 29. Re1 Rg7 30. c4 Qd6 31. Rd1 Qxa3 32. Rh3 Qb2 33. d5 Qe2 34.
Rdd3 Qe1+ 35. Kg2 Qe2+ 36. Kg1 Qe1+ 37. Kg2 Qe4+ 38. Rdf3 b5 39. Qg5 bxc4 40.
Ng4 Bxd5 41. Nf6+ Rxf6 42. Qxf6 Rf7 43. Qb2 Qxf4 0-1

[Event "USCL Dallas vs Arizona"]
[Site "Internet Chess Club"]
[Date "2010.09.13"]
[Round "4"]
[White "Bercys, Salvijus"]
[Black "Altounian, Levon"]
[Result "1/2-1/2"]
[WhiteElo "2467"]
[BlackElo "2496"]
[PlyCount "131"]
[EventDate "2010.??.??"]

1. d4 e6 2. c4 f5 3. g3 Nf6 4. Bg2 Bb4+ 5. Bd2 Bxd2+ 6. Qxd2 O-O 7. Nc3 d6 8.
Nf3 Qe7 9. O-O c6 10. Rfe1 d5 11. Rab1 Nbd7 12. Qc2 Ne4 13. b4 Nd6 14. c5 Nc4
15. Ra1 e5 16. Nd2 Nxd2 17. Qxd2 f4 18. e4 fxe3 19. Qxe3 Re8 20. Re2 Qf7 21.
Rae1 e4 22. f3 Nf6 23. fxe4 dxe4 24. Nxe4 Nxe4 25. Bxe4 Bg4 26. Rf2 Qd7 27. Qd3
Kh8 28. Ref1 Bh3 29. Rd1 Qe6 30. Bg2 Bxg2 31. Kxg2 Rad8 32. a3 Kg8 33. Qf5 Qe4+
34. Qxe4 Rxe4 35. Rfd2 Rd5 36. Kf3 Re6 37. Re2 Kf7 38. Rxe6 Kxe6 39. Re1+ Kf6
40. Ke4 Rg5 41. Kd3 Rh5 42. h4 Rf5 43. Re3 Rf1 44. Ke4 Rd1 45. Rf3+ Ke6 46. Rf8
Re1+ 47. Kd3 Rg1 48. Rb8 Kd5 49. Rd8+ Ke6 50. Kc4 b5+ 51. cxb6 axb6 52. Re8+
Kd6 53. Re3 b5+ 54. Kd3 Kd5 55. Re5+ Kd6 56. Rg5 g6 57. Kc3 Ra1 58. Kb2 Rg1 59.
Kb3 Rb1+ 60. Ka2 Rd1 61. h5 gxh5 62. Rxh5 Rxd4 63. Rh6+ Kd5 64. Rxh7 Rd2+ 65.
Kb1 Rg2 66. Rf7 1/2-1/2

[Event "USCL Boston vs New England"]
[Site "Internet Chess Club"]
[Date "2010.09.15"]
[Round "4"]
[White "Christiansen, Larry"]
[Black "Shankland, Sam"]
[Result "1-0"]
[WhiteElo "2665"]
[BlackElo "2567"]
[PlyCount "57"]
[EventDate "2010.??.??"]

1. e4 c6 2. d4 d5 3. e5 Bf5 4. Nf3 e6 5. Be2 c5 6. Be3 cxd4 7. Nxd4 Ne7 8. Nd2
Nbc6 9. N2f3 Be4 10. O-O Ng6 11. Ng5 Ngxe5 12. f4 Nxd4 13. fxe5 Nxe2+ 14. Qxe2
Bg6 15. Nxf7 Bxf7 16. Qb5+ Qd7 17. Qxd7+ Kxd7 18. Rxf7+ Kc6 19. c3 Re8 20. Raf1
a6 21. a4 Rg8 22. b4 Be7 23. g4 Kd7 24. Kg2 Kc8 25. b5 axb5 26. axb5 Kd8 27.
Bb6+ Kd7 28. Bc5 Kd8 29. Ra1 1-0

[Event "USCL New Jersey vs Carolina"]
[Site "Internet Chess Club"]
[Date "2010.09.15"]
[Round "4"]
[White "Kapengut, Albert"]
[Black "Agner, Carlito"]
[Result "1-0"]
[WhiteElo "2372"]
[BlackElo "2251"]
[PlyCount "75"]
[EventDate "2010.??.??"]

1. e4 d6 2. d4 g6 3. Bc4 Nf6 4. Qe2 Nc6 5. c3 e5 6. dxe5 Nxe5 7. Bb3 Qe7 8. Bg5
h6 9. Bh4 g5 10. Bg3 Nxe4 11. Bxe5 Qxe5 12. Nf3 Qe7 13. O-O Nc5 14. Qd1 Qf6 15.
Re1+ Be7 16. Nd4 O-O 17. Bc2 Be6 18. b4 Nd7 19. Qd3 Qg7 20. Nxe6 fxe6 21. Rxe6
Ne5 22. Qh3 Rf6 23. Rxf6 Bxf6 24. Nd2 Nf7 25. Ne4 Be5 26. Rd1 b5 27. Qd7 a5 28.
Qc6 Qf8 29. Bb3 axb4 30. cxb4 Qe8 31. Qxc7 Ra3 32. Qb7 Rxb3 33. axb3 Qe6 34.
Qd5 Qg4 35. g3 Kg7 36. Rc1 Qd7 37. Rc6 Qb7 38. Rxd6 1-0

[Event "USCL Boston vs New England"]
[Site "Internet Chess Club"]
[Date "2010.09.15"]
[Round "4"]
[White "Corke, Anya"]
[Black "Chase, Christopher"]
[Result "1/2-1/2"]
[WhiteElo "2322"]
[BlackElo "2382"]
[PlyCount "82"]
[EventDate "2010.??.??"]

1. d4 g6 2. e4 Bg7 3. Nf3 d6 4. Bc4 Nf6 5. Qe2 O-O 6. O-O Bg4 7. e5 Ne8 8. Rd1
Nc6 9. Bd5 Qc8 10. h3 Bxf3 11. Bxf3 dxe5 12. Bxc6 bxc6 13. dxe5 Qe6 14. Re1 Rb8
15. Nc3 f6 16. exf6 Qxe2 17. Rxe2 exf6 18. Ne4 Nd6 19. Nxd6 cxd6 20. b3 f5 21.
Rb1 Rfe8 22. Rxe8+ Rxe8 23. Be3 d5 24. Kf1 Bc3 25. Rd1 a6 26. Bd4 Ba5 27. a3
Kf7 28. b4 Bc7 29. c3 a5 30. Re1 Ra8 31. Ke2 axb4 32. axb4 Ra2+ 33. Kd3 Bd6 34.
Re2 Ra1 35. Kc2 g5 36. Kb2 Rf1 37. Kb3 Ra1 38. Kb2 Ra8 39. Kb3 Rb8 40. Ka4 h5
41. Ka5 Re8 1/2-1/2

[Event "USCL Boston vs New England"]
[Site "Internet Chess Club"]
[Date "2010.09.15"]
[Round "4"]
[White "Cherniack, Alex"]
[Black "Krasik, Ilya"]
[Result "1/2-1/2"]
[WhiteElo "2288"]
[BlackElo "2253"]
[PlyCount "93"]
[EventDate "2010.??.??"]

1. e4 c5 2. Nf3 g6 3. c3 Bg7 4. d4 cxd4 5. cxd4 d5 6. e5 Bg4 7. Nbd2 Nc6 8. h3
Bf5 9. a3 Rc8 10. b4 Nh6 11. Bb2 O-O 12. Rc1 f6 13. exf6 exf6 14. Be2 Nf7 15.
O-O Re8 16. Re1 Bh6 17. Qb3 Bxd2 18. Nxd2 Rxe2 19. Rxe2 Nxd4 20. Rxc8 Nxe2+ 21.
Kf1 Qxc8 22. Kxe2 Qe6+ 23. Qe3 Ne5 24. Kf1 b6 25. g4 Nd3 26. Qxe6+ Bxe6 27.
Bxf6 Nf4 28. b5 Nxh3 29. f3 Bd7 30. a4 Nf4 31. Nb3 h5 32. gxh5 gxh5 33. Be5 Nd3
34. Bb8 Nb2 35. Bxa7 Nxa4 36. Nd4 Kf7 37. Kf2 h4 38. Ke3 Kf6 39. Bb8 Nc3 40.
Bc7 h3 41. Kf2 Nxb5 42. Bxb6 Nd6 43. Ne2 Nf5 44. Nf4 Ne7 45. Bc5 Ke5 46. Nxh3
Bxh3 47. Bxe7 1/2-1/2

[Event "USCL New Jersey vs Carolina"]
[Site "Internet Chess Club"]
[Date "2010.09.15"]
[Round "4"]
[White "Benjamin, Joel"]
[Black "Schroer, Jonathan"]
[Result "1-0"]
[WhiteElo "2614"]
[BlackElo "2437"]
[PlyCount "67"]
[EventDate "2010.??.??"]

1. d4 d5 2. c4 e6 3. Nc3 Be7 4. cxd5 exd5 5. Bf4 c6 6. Qc2 g6 7. e3 Bf5 8. Qd2
Nf6 9. f3 O-O 10. Nge2 c5 11. g4 Be6 12. h4 h5 13. g5 Ne8 14. dxc5 Bxc5 15.
O-O-O Qa5 16. a3 Nc7 17. Kb1 Nc6 18. b4 Nxb4 19. axb4 Bxb4 20. Bxc7 Qxc7 21.
Nxd5 Bxd5 22. Qxd5 Qb6 23. Nd4 Bc5+ 24. Kc2 Rac8 25. Bc4 Qb4 26. Rb1 Qa4+ 27.
Kd3 b6 28. Ra1 Qe8 29. Qe4 Qd7 30. Qxg6+ Kh8 31. Qxh5+ Kg8 32. Qg6+ Kh8 33.
Qh6+ Kg8 34. g6 1-0

[Event "USCL New Jersey vs Carolina"]
[Site "Internet Chess Club"]
[Date "2010.09.15"]
[Round "4"]
[White "Simpson, Ron"]
[Black "Gulko, Boris"]
[Result "1-0"]
[WhiteElo "2330"]
[BlackElo "2587"]
[PlyCount "71"]
[EventDate "2010.??.??"]

1. e4 c5 2. Nf3 e6 3. d4 cxd4 4. Nxd4 a6 5. Bd3 Bc5 6. Nb3 Be7 7. Nc3 d6 8. a4
b6 9. Be3 Bb7 10. Qg4 Bf6 11. Rd1 Nd7 12. Qg3 Qc7 13. O-O Ne7 14. Bf4 Ne5 15.
Bb5+ N7c6 16. Be2 O-O 17. Rd2 Rac8 18. Rfd1 Rfd8 19. Be3 Nb4 20. f4 Nd7 21.
Rxd6 Nxc2 22. Bf2 Nb4 23. e5 Be7 24. R6d2 Nc5 25. Nd4 Ne4 26. Nxe4 Bxe4 27. Qe3
Bb7 28. f5 Bd5 29. Qg3 Kh8 30. Bg4 Bg5 31. Be3 Bxe3+ 32. Qxe3 exf5 33. Nxf5 h5
34. Qg5 Qxe5 35. Qxh5+ Kg8 36. Nh6+ 1-0

[Event "USCL Boston vs New England"]
[Site "Internet Chess Club"]
[Date "2010.09.15"]
[Round "4"]
[White "Hungaski, Robert"]
[Black "Shmelov, Denys"]
[Result "1-0"]
[WhiteElo "2520"]
[BlackElo "2471"]
[PlyCount "133"]
[EventDate "2010.??.??"]

1. d4 Nf6 2. c4 e6 3. Nc3 Bb4 4. e3 O-O 5. Bd3 c5 6. Nf3 cxd4 7. exd4 d5 8. O-O
dxc4 9. Bxc4 b6 10. Bg5 Bb7 11. Qd3 Bxc3 12. bxc3 Nbd7 13. Rfe1 Qc7 14. Bb3
Rac8 15. c4 Qd6 16. Rad1 Rfe8 17. h3 Ba6 18. Ne5 Nxe5 19. dxe5 Qxd3 20. Rxd3
Nd5 21. Re4 Rc7 22. Red4 Nb4 23. Rd8 Rc8 24. Rxe8+ Rxe8 25. Rd7 h6 26. Be7 Nc6
27. Bd6 Rd8 28. Rxd8+ Nxd8 29. c5 bxc5 30. Bxc5 Nc6 31. f4 Bb7 32. a3 a6 33.
Kf2 g5 34. g3 Kg7 35. Ke3 gxf4+ 36. Kxf4 f6 37. exf6+ Kxf6 38. g4 e5+ 39. Ke3
Nd8 40. Bf8 Bg2 41. h4 Nf7 42. Bc4 Bb7 43. a4 a5 44. Bc5 Bc8 45. Be2 Bd7 46.
Bd1 Nd8 47. Bf8 Nf7 48. Kf3 Bc6+ 49. Kg3 Bd7 50. Bc5 Nd8 51. Bb6 Nc6 52. Bc7
Ke6 53. Bb6 Kf6 54. Kf2 e4 55. Ke3 Ke5 56. h5 Nb4 57. Bc7+ Kf6 58. Bxa5 Nd3 59.
Bb6 Ke7 60. a5 Kd6 61. Kxe4 Nb4 62. Be2 Nd5 63. Bd4 Ne7 64. a6 Bc6+ 65. Kf4
Nd5+ 66. Kg3 Ne7 67. Be3 1-0

[Event "USCL New Jersey vs Carolina"]
[Site "Internet Chess Club"]
[Date "2010.09.15"]
[Round "4"]
[White "Jones, Craig"]
[Black "Matlin, Anna"]
[Result "1-0"]
[WhiteElo "2286"]
[BlackElo "2078"]
[PlyCount "131"]
[EventDate "2010.??.??"]

1. d4 Nf6 2. c4 g6 3. Nc3 d5 4. Nf3 Bg7 5. Bg5 Ne4 6. cxd5 Nxg5 7. Nxg5 e6 8.
Nf3 exd5 9. e3 O-O 10. b4 Bg4 11. Be2 a6 12. O-O Bxf3 13. Bxf3 c6 14. a4 f5 15.
Qb3 Kh8 16. g3 Qd6 17. b5 axb5 18. axb5 Nd7 19. Ra4 Rxa4 20. Qxa4 f4 21. gxf4
g5 22. bxc6 bxc6 23. f5 Rxf5 24. Bg4 Rf8 25. Ne2 Nf6 26. Bf5 Ng8 27. Bb1 h5 28.
Qc2 Qh6 29. Ng3 Ne7 30. Qd1 g4 31. Ne2 Bf6 32. Nf4 Bg5 33. Nd3 Ng6 34. Qc2 Nh4
35. Qe2 Qf6 36. Ne5 Nf3+ 37. Nxf3 gxf3 38. Qc2 Rf7 39. Kh1 Bh6 40. Qg6 Qxg6 41.
Bxg6 Rf6 42. Bxh5 Bf8 43. Rc1 Ba3 44. Rd1 Bd6 45. h3 Rh6 46. Bg4 Kg7 47. Ra1
Kf7 48. Ra7+ Ke8 49. Ra6 Bc7 50. Kg1 Rf6 51. Ra7 Bd8 52. Kh2 Be7 53. h4 c5 54.
dxc5 Bxc5 55. Ra5 Bd6+ 56. Kh3 d4 57. exd4 Rf4 58. d5 Ke7 59. Rb5 Kf6 60. Rb3
Ke5 61. Bxf3 Kd4 62. Re3 Be5 63. h5 Bf6 64. Kg2 Rh4 65. Re6 Be5 66. d6 1-0

[Event "USCL San Francisco vs Seattle"]
[Site "Internet Chess Club"]
[Date "2010.09.15"]
[Round "4"]
[White "Cozianu, Costin"]
[Black "Pruess, David"]
[Result "0-1"]
[WhiteElo "2557"]
[BlackElo "2411"]
[PlyCount "56"]
[EventDate "2010.??.??"]

1. e4 e6 2. d4 d5 3. e5 b6 4. c3 Qd7 5. Nf3 c5 6. a4 Ba6 7. Bxa6 Nxa6 8. Qe2
Nb8 9. a5 bxa5 10. dxc5 Bxc5 11. Rxa5 Bb6 12. Ra3 Ne7 13. O-O O-O 14. Nbd2 Nbc6
15. Nb3 Nf5 16. Bf4 Rab8 17. Rd1 Rfc8 18. c4 Nb4 19. g4 Ne7 20. Bg3 Qb7 21.
Nbd2 Bc5 22. cxd5 Nexd5 23. Ne4 Nc2 24. Ra4 Qxb2 25. Rc4 Be7 26. Rxc8+ Rxc8 27.
Qa6 Qb8 28. Rxd5 Nb4 0-1